Resisting economic globalization : critical theory and International law (Record no. 444089)

000 -LEADER
fixed length control field 00488cam a22001457a 4500
008 - FIXED-LENGTH DATA ELEMENTS--GENERAL INFORMATION
fixed length control field 180718b2013 xxu||||| |||| 00| 0 eng d
020 ## - INTERNATIONAL STANDARD BOOK NUMBER
International Standard Book Number 9781137004055
082 ## - DEWEY DECIMAL CLASSIFICATION NUMBER
Classification number T421 Sch58
100 ## - MAIN ENTRY--PERSONAL NAME
Personal name Schneiderman, David
245 ## - TITLE STATEMENT
Title Resisting economic globalization : critical theory and International law
Statement of responsibility, etc. by David Schneiderman
260 ## - PUBLICATION, DISTRIBUTION, ETC.
Place of publication, distribution, etc. New York
Name of publisher, distributor, etc. Palgrave
Date of publication, distribution, etc. 2013
300 ## - PHYSICAL DESCRIPTION
Extent 218p.
650 ## - SUBJECT ADDED ENTRY--TOPICAL TERM
Topical term or geographic name entry element Globalization -- Economic aspects
650 ## - SUBJECT ADDED ENTRY--TOPICAL TERM
Topical term or geographic name entry element International finance -- Law and legislation
Holdings
Withdrawn status Lost status Damaged status Not for loan Permanent Location Current Location Date acquired Full call number Barcode Date last seen Price effective from Koha item type
        Indian Institute of Public Administration Indian Institute of Public Administration 2014-06-30 T421 Sch58 85831 2018-07-21 2018-07-21 Book

Powered by Koha